<?xml version="1.0" encoding="UTF-8"?>
<record
    xmlns:xsi="http://www.w3.org/2001/XMLSchema-instance"
    xsi:schemaLocation="http://www.loc.gov/MARC21/slim http://www.loc.gov/standards/marcxml/schema/MARC21slim.xsd"
    xmlns="http://www.loc.gov/MARC21/slim">

  <leader>01410nam a2200229 a 4500</leader>
  <controlfield tag="005">20151001020002.0</controlfield>
  <controlfield tag="008">131205b2004    ck ||||| |||| 00| 0 spa d</controlfield>
  <datafield tag="041" ind1=" " ind2=" ">
    <subfield code="a">spa</subfield>
  </datafield>
  <datafield tag="044" ind1=" " ind2=" ">
    <subfield code="a">ck</subfield>
  </datafield>
  <datafield tag="090" ind1=" " ind2=" ">
    <subfield code="a">IAVH</subfield>
    <subfield code="b">00329</subfield>
  </datafield>
  <datafield tag="100" ind1="1" ind2=" ">
    <subfield code="a">Ariza Vargas, Luz Aida</subfield>
    <subfield code="9">2300</subfield>
  </datafield>
  <datafield tag="245" ind1="1" ind2="0">
    <subfield code="a">Cat&#xE1;logo de especies tintoreas del bosque altoandino :</subfield>
    <subfield code="b">la naturaleza se viste de color</subfield>
    <subfield code="c">Luz Aida Ariza Vargas</subfield>
  </datafield>
  <datafield tag="260" ind1=" " ind2=" ">
    <subfield code="a">Bogot&#xE1;</subfield>
    <subfield code="b">Instituto de Investigaci&#xF3;n de Recursos Biol&#xF3;gicos Alexander von Humboldt</subfield>
    <subfield code="b">Asociaci&#xF3;n de Veredas de La Calera</subfield>
    <subfield code="c">2004</subfield>
  </datafield>
  <datafield tag="300" ind1=" " ind2=" ">
    <subfield code="a">72 p.</subfield>
    <subfield code="b">il.</subfield>
    <subfield code="c">28 cm.</subfield>
  </datafield>
  <datafield tag="520" ind1=" " ind2=" ">
    <subfield code="a">La Asociaci&#xF3;n de Veredas de la Calera, agremiaci&#xF3;n campesina, trabaja en producci&#xF3;n artesanal de art&#xED;culos elaborados en lana virgen y tinturados con especies vegetales presentes en la regi&#xF3;n, utilizando &#xFA;nicamente las hojas, con el fin de no da&#xF1;ar el resto de la planta. Se adelantan ensayos con especies con potencial tint&#xF3;reo en otras partes de las plantas, como corteza, flores, frutos y ramas. El cat&#xE1;logo presenta los resultados de una investigaci&#xF3;n sobre especies del bosque altoandino, con caracter&#xED;sticas tint&#xF3;reas y utilizadas por las mujeres campesinas socias de la AVC</subfield>
  </datafield>
  <datafield tag="650" ind1=" " ind2="6">
    <subfield code="a">Especies tint&#xF3;reas</subfield>
    <subfield code="9">3282</subfield>
  </datafield>
  <datafield tag="650" ind1=" " ind2="4">
    <subfield code="a">Proceso de tinturado </subfield>
    <subfield code="9">3283</subfield>
  </datafield>
  <datafield tag="650" ind1=" " ind2="4">
    <subfield code="a">&#xCD;ndice de especies </subfield>
    <subfield code="x">Caracter&#xED;sticas</subfield>
    <subfield code="9">26489</subfield>
  </datafield>
  <datafield tag="700" ind1="1" ind2=" ">
    <subfield code="a">Losada-Campos, Diego</subfield>
    <subfield code="9">3286</subfield>
  </datafield>
  <datafield tag="942" ind1=" " ind2=" ">
    <subfield code="c">INFORME</subfield>
    <subfield code="2">z</subfield>
    <subfield code="0">3</subfield>
  </datafield>
  <datafield tag="945" ind1=" " ind2=" ">
    <subfield code="d">2005-05-25</subfield>
  </datafield>
  <datafield tag="999" ind1=" " ind2=" ">
    <subfield code="c">4526</subfield>
    <subfield code="d">4526</subfield>
  </datafield>
  <datafield tag="952" ind1=" " ind2=" ">
    <subfield code="0">0</subfield>
    <subfield code="1">0</subfield>
    <subfield code="2">z</subfield>
    <subfield code="4">0</subfield>
    <subfield code="7">0</subfield>
    <subfield code="8">HUMBOLDT</subfield>
    <subfield code="I">INV2017</subfield>
    <subfield code="a">Bogota</subfield>
    <subfield code="b">Bogota</subfield>
    <subfield code="d">2005-05-25</subfield>
    <subfield code="l">4</subfield>
    <subfield code="o">IAVH-00329</subfield>
    <subfield code="p">018968</subfield>
    <subfield code="r">2024-08-09 00:00:00</subfield>
    <subfield code="s">2018-10-23</subfield>
    <subfield code="t">Ej. 1</subfield>
    <subfield code="w">2012-12-04</subfield>
    <subfield code="x">Dep&#xF3;sito Institucional</subfield>
    <subfield code="y">INFORME</subfield>
  </datafield>
</record>
